Movimientos sociales: nuevas formas de liderazgo comunitario /
El texto analiza la construcción de los movimientos sociales en Puerto Rico y la creación de liderazgos comunitarios y plantea algunas reformas económicas
Guardat en:
| Autor principal: | |
|---|---|
| Format: | Text |
| Matèries: | |
| Etiquetes: |
Afegir etiqueta
Sense etiquetes, Sigues el primer a etiquetar aquest registre!
|
MARC
| LEADER | 00000 a a2200000 04500 | ||
|---|---|---|---|
| 001 | 11070 | ||
| 003 | |||
| 040 | |||
| 100 | |a Medina Piña, Nilsa | ||
| 245 | |a Movimientos sociales: |b nuevas formas de liderazgo comunitario / |c Nilsa Medina Piña | ||
| 520 | |a El texto analiza la construcción de los movimientos sociales en Puerto Rico y la creación de liderazgos comunitarios y plantea algunas reformas económicas | ||
| 650 | |a MOVIMIENTOS SOCIALES | ||
| 650 | |a DEMOCRACIA | ||
| 650 | |a PUERTO RICO | ||
| 773 | |g volumen 8, número 23; páginas 127-139 | ||
| 999 | |c 25115 |d 25115 | ||
